000 00577nam a2200193Ia 4500
005 20250508161623.0
008 008 250505s9999 xx 000 0 eng d
037 _aTextual
040 _aFEDL
_beng
_cFEDL
041 _aeng
_2eng
084 _a746.5, WAS
_qFEDL
100 _aWasley Ruth
_9771079
245 0 _aBead design: A comprehensive course for beginner and experienced craftsman
260 _aNew York, USA
_bCrown Publishers
_c1970
300 _a216p.
700 _a Harris Edith
_9771080
942 _cTEXL
_h746.5, WAS
999 _c1371175
_d1371175